Central Library and Information Centre
Sibsagar Girls' College, Sivasagar : Assam

HIGHER SECONDARY POLITICAL SCIENCE (Record no. 7974)

MARC details
000 -LEADER
fixed length control field 00363cam a2200157ua 4500
008 - FIXED-LENGTH DATA ELEMENTS--GENERAL INFORMATION
fixed length control field 160630n1997 II |||gr||||Z||||||eng
040 ## - CATALOGING SOURCE
Original cataloging agency MAIN
041 ## - LANGUAGE CODE
-- English
082 ## - DEWEY DECIMAL CLASSIFICATION NUMBER
Classification number 320 ROY
100 ## - MAIN ENTRY--PERSONAL NAME
Personal name ROY, UTPAL.
245 ## - TITLE STATEMENT
Title HIGHER SECONDARY POLITICAL SCIENCE
260 ## - PUBLICATION, DISTRIBUTION, ETC.
Place of publication, distribution, etc. GUWAHATI
Name of publisher, distributor, etc. ARUN PRAKASHAN
Date of publication, distribution, etc. 1997
300 ## - PHYSICAL DESCRIPTION
Extent 350:
Dimensions 22CM.
942 ## - ADDED ENTRY ELEMENTS (KOHA)
Koha item type Books
Holdings
Withdrawn status Lost status Damaged status Not for loan Collection code Home library Current library Shelving location Date acquired Full call number Barcode Date last seen Copy number Price effective from Koha item type Public note
Withdrawn       TBPSC Central Library and Information Centre Sibsagar Girls College Central Library and Information Centre Sibsagar Girls College Staff Office 23.06.1998 320 ROY 15315 27.02.2020 1 27.02.2020 Books V
Withdrawn       TBECO Central Library and Information Centre Sibsagar Girls College Central Library and Information Centre Sibsagar Girls College ECONOMICS BOOK RACK 23.06.1998 320 ROY 15319 27.02.2020 2 27.02.2020 Books V
Withdrawn   Damaged   TBPSC Central Library and Information Centre Sibsagar Girls College Central Library and Information Centre Sibsagar Girls College Staff Office 23.06.1998 320 ROY 15320 27.02.2020 3 27.02.2020 Books V


Sibsagar Girl's College © 2020. All rights reserved.
Powered by Koha.
Maintained by Abhijit Borpuzari.